Phylogenetics and biogeography of the neotropical fern genera Jamesonia and Eriosorus (Pteridaceae) (Registro nro. 12851)

Detalles MARC
000 -CABECERA
Campo de control 006330000a22002050004500
090 ## - CLASIFICACIÓN LOCAL
Colección AR
Consecutivo 03816
041 0# - IDIOMA
Código de idioma para texto/pista de sonido o título separado
100 1# - ASIENTO PRINCIPAL--NOMBRE PERSONAL
Nombre personal Sánchez Baracaldo, Patricia
245 10 - MENCION DE TITULO
Título Phylogenetics and biogeography of the neotropical fern genera Jamesonia and Eriosorus (Pteridaceae)
650 14 - ASIENTO SECUNDARIO DE MATERIA - TERMINO TEMATICO
Término temático o nombre geográfico como elemento de entrada Botánica
650 14 - ASIENTO SECUNDARIO DE MATERIA - TERMINO TEMATICO
Término temático o nombre geográfico como elemento de entrada Biogeografía
650 14 - ASIENTO SECUNDARIO DE MATERIA - TERMINO TEMATICO
Término temático o nombre geográfico como elemento de entrada Páramos
650 14 - ASIENTO SECUNDARIO DE MATERIA - TERMINO TEMATICO
Término temático o nombre geográfico como elemento de entrada Análisis genético
650 14 - ASIENTO SECUNDARIO DE MATERIA - TERMINO TEMATICO
Término temático o nombre geográfico como elemento de entrada Evolución
651 #4 - ASIENTO SECUNDARIO DE MATERIA - NOMBRE GEOGRAFICO
-- América del Sur
653 ## - TERMINO DE INDIZACION - NO CONTROLADO
-- Jamesonia
653 ## - TERMINO DE INDIZACION - NO CONTROLADO
-- Eriosorus
773 1# - Item fuente:
Título American Journal of Botany
Descripción física 2
Paginas del Articulo 274-284
Lugar, editorial y fecha de publicación 2004
Información sobre la relación 91
942 ## - ELEMENTOS ADICIONALES (KOHA)
Tipo de ítem Artículo
Existencias
Withdrawn status Lost status Damaged status No para préstamo Colección Ubicación Permanente Ubicación actual Fecha de adquisición Datos de publicación Seriada Total Checkouts Número topográfico Inventario / Código de Barras Date last seen Price effective from Forma de adquisición Tipo de material
      No para Préstamo Hemeroteca Bogotá Bogotá 27/02/2015 Fuera de circulación   AR 03816 017357 25/03/2015 25/03/2015   Artículo